| 000 | 00460nam a2200181 b 4500 | ||
|---|---|---|---|
| 003 | OSt | ||
| 005 | 20151109181014.0 | ||
| 008 | 971118s1997 sp | ||| ||spa | ||
| 020 | _a84-88962-08-8 | ||
| 040 | _cBMC | ||
| 082 | _a863 | ||
| 100 | 1 |
_a Benedicte, David _937059 |
|
| 245 | 1 | 0 |
_aTravolta tiene miedo a morir _cDavid Benedicte |
| 260 |
_aZaragoza _bZócalo _c1997 |
||
| 300 |
_a130 p. _c20 cm |
||
| 650 | 2 | 4 |
_929289 _aNovela española |
| 942 |
_2ddc _cBK |
||
| 999 |
_c23342 _d23342 |
||